| 000 | 00943nam a2200205Ii 4500 | ||
|---|---|---|---|
| 003 | JO-AjNU | ||
| 008 | 230605s9999||||xx |||||||||||||| ||und|| | ||
| 017 | _a1986/562 | ||
| 040 |
_aJO-AjNU _bara _erda _cJO-AjNU |
||
| 041 | _aara | ||
| 050 | 1 | 4 | _aG116.Y6 1986 |
| 100 | 3 |
_aتاليف السلطان، يوسف محمد ، م.مشارك عبد علي حسن الخفاف، م.مشارك عبد الحميد عبد المجيد القيسي, _eauthor _915743 |
|
| 245 | 0 | 0 | _aالجغرافية الأقليمية للقارات: آسيا - افريقيا - استراليا |
| 264 | 3 | 1 | _aالبصرة: جامعة البصرة، 1986 |
| 300 |
_a500ص _bيشتمل على جداول وخرائط توضيحية |
||
| 336 |
_atext _btxt _2rdacontent |
||
| 337 |
_aunmediated _bn _2rdamedia |
||
| 338 |
_avolume _bnc _2rdacarrier |
||
| 650 | 4 |
_aاسيا - افريقيا - استراليا - الجغرافيا الأقليمية - قارات _915744 |
|
| 999 |
_aA4517 _c8085 _d8085 |
||